Los derechos del bien común, Los derechos del bien particular : (Registro nro. 29776)
[ vista simple ]
| 000 -CABECERA | |
|---|---|
| Longitud fija campo de control | 01239nam a2200217 a 4500 |
| 003 - • IDENTIFICADOR DELl NÚMERO DE CONTROL | |
| Identificador del número de control | CO-ViMGA |
| 008 - • CÓDIGOS DE INFORMACIÓN DE LONGITUD FIJA | |
| Códigos de información de longitud fija | 141112s2004 ck r 000 u spa d |
| 020 ## - • NÚMERO INTERNACIONAL NORMALIZADO PARA LIBROS | |
| Número Internacional Normalizado para Libros (ISBN) | 9583334561 |
| 040 ## - FUENTE DE LA CATALOGACIÓN | |
| Centro catalogador de origen | CO-ViMGA |
| Lengua de catalogación | spa |
| Centro transcriptor | CO-ViMGA |
| 082 04 - • NÚMERO DE LA CLASIFICACIÓN DECIMAL DEWEY | |
| Número de clasificación (R) | 323.4 B168p |
| 100 1# - • PUNTO DE ACCESO PRINCIPAL-NOMBRE DE PERSONA | |
| Nombre de persona | Baquero Nariño, Jose Gregorio |
| 245 10 - • TITULO PROPIAMENTE DICHO | |
| Título | Los derechos del bien común, Los derechos del bien particular : |
| Resto del título | El instrumento constitucional indispensable para el diálogo y el acuerdo en condiciones de igualdad entre los dos grandes intereses de los seres humanos, hasta hoy en permanente conflicto |
| 300 ## - • DESCRIPCIÓN FÍSICA | |
| Extensión | 188p |
| 505 ## - • NOTA DE CONTENIDO CON FORMATO | |
| Nota de contenido con formato | El legado de Achaguas y piapocos. Los intereses Fundamentales 51 - - La naturaleza dual de los seres humanos según sus intereses Fundamentales 85 - - Consideraciones sobre los intereses fundamentales de los seres humanos 103 - - Petición de los derechos fundamentales del bien común y del bien particular 141 |
| 590 ## - NOTAS LOCALES | |
| Nota local | Forma de adquisición : Compra - - Precio : 29000 - - Proveedor : Inversiones ladino e hijos - - Fecha de adquisición : Julio 2006 |
| 650 14 - • PUNTO DE ACCESO ADICIONAL DE MATERIA - TÉRMINO DE MATERIA | |
| Término de materia o nombre geográfico como elemento inicial | DERECHOS CIVILES - COLOMBIA |
| 650 14 - • PUNTO DE ACCESO ADICIONAL DE MATERIA - TÉRMINO DE MATERIA | |
| Término de materia o nombre geográfico como elemento inicial | DERECHOS HUMANOS - COLOMBIA |
| 942 ## - ENTRADA DE ELEMENTOS AGREGADOS (KOHA) | |
| Fuente de clasificaión o esquema | Dewey Decimal Classification |
| Koha [por defecto] tipo de item | LIbro |
| Perdido | Fuente de clasificación o esquema | Estado Físico | No para préstamo | Forma de adquisición | Localización permanente | Localización actual | Localización en estanterías | Fecha adquisición | Préstamos totales | Signatura completa | Código de barras | Fecha última consulta | Número de copia | Fecha del precio de reemplazo | Tipo de item de Koha |
|---|---|---|---|---|---|---|---|---|---|---|---|---|---|---|---|
| Dewey Decimal Classification | Colección General | Biblioteca Pública Restrepo | Biblioteca Pública Restrepo | General | 07/07/2025 | 323.4 B168p | RES00355 | 07/07/2025 | Ej.1 | 07/07/2025 | LIbro |